000 00585nam a2200193Ia 4500
005 20250326141328.0
008 250326s9999 xx 000 0 und d
020 _a1-55738-530-0
037 _aTextbook
040 _aFMSL
_beng
_cFMSL
041 _aeng
_2eng
084 _aX:513 N4
_qFMSL
100 _aTempleton JF
_9744192
245 4 _aThe focus group : A strategic guide to organizing conducting and analyzing the focus Imp.
_cTempleton JF
260 _aUSA
_bUSA, Probus pub. co.
_c1994
300 _a332p
942 _cTB
_hX:513 N4
999 _c1289795
_d1289795